• 首页
  • 本馆介绍
  • 公告通知
  • 最新文献
  • 馆藏检索
  • 电子资源
  • 读者导购
  • 参考咨询
  • 我的图书馆
  • 登录
  • 详细信息显示
  • 放入我的书架
  • 预约/预借图书
  • 作者相关作品
  • 分类相关作品
  • 丛书相关作品
  • 出版社相关作品

书目信息

  • 表格格式
  • 工作单格式
  • 卡片格式
题名:
鬼谷子
    
 
作者: 彭咸 编著
分册:  
出版信息: 石家庄   花山文艺出版社  2020
页数: 152页
开本: 20cm
丛书名: 古今智谋
单 册:
中图分类: B228.04
科图分类:
主题词: 纵横家--zong heng jia
电子资源:
ISBN: 978-7-5511-5141-2
000 00971nam 2200289 450
001 CAL 012020104241
005 20200701141811.8
010    @a978-7-5511-5141-2@dCNY29.80
099    @aCAL 012020104241
100    @a20200618d2020 em y0chiy0120 ea
101 0  @achi
102    @aCN@b130000
105    @ay z 000yy
106    @ar
200 1  @a鬼谷子@Agui gu zi@f彭咸编著
210    @a石家庄@c花山文艺出版社@d2020
215    @a152页@d20cm
225 2  @a古今智谋@Agu jin zhi mou
330    @a本书是战国时期纵横家的代表作, 强调辩证的对待世界, 既要控制自我欲望, 又要利用对方欲望达到控制对方目的, 内容包括: 捭阖: 通达人心, 纵横天下 ; 反应: 圣人之道, 不可不察 ; 内揵: 与人相处, 谨言慎行等。
410  0 @12001 @a古今智谋
605    @a鬼谷子@Agui gu zi@x译文
606 0  @a纵横家@Azong heng jia
690    @aB228.04@v5
701  0 @a彭咸@Apeng xian@4编著
801  0 @aCN@bIMNUL@c20200701
801  0 @aCN@bBJXHZP@c20230228
905    @b1391237-40@dB228.04@e1081@f4
    
    鬼谷子/彭咸编著.-石家庄:花山文艺出版社,2020
    152页;20cm.-(古今智谋)
    
    
    ISBN 978-7-5511-5141-2:CNY29.80
    本书是战国时期纵横家的代表作, 强调辩证的对待世界, 既要控制自我欲望, 又要利用对方欲望达到控制对方目的, 内容包括: 捭阖: 通达人心, 纵横天下 ; 反应: 圣人之道, 不可不察 ; 内揵: 与人相处, 谨言慎行等。
●
相关链接 在E读中查询图书 在五车中查询图书 在当当中查询图书 在豆瓣中查询图书


正题名:鬼谷子     索取号:B228.04/1081         预约/预借

序号 登录号 条形码 馆藏地/架位号 状态 备注
1 1391237   213912373   第一样本阅览室/ [索取号:B228.04/1081] 在馆    
2 1391238   213912382   第一借阅区/ [索取号:B228.04/1081] 在馆    
3 1391239   213912391   第一借阅区/ [索取号:B228.04/1081] 在馆    
4 1391240   213912408   第一借阅区/ [索取号:B228.04/1081] 在馆    
唐山师范学院图书馆 欢迎您!
大连网信软件有限公司© 版权所有